01678nam a2200277Ia 4500003000400000005001700004008004100021020001500062040002100077041000800098082002300106100003900129245014100168260004000309300007700349490002400426500003700450504003900487505058500526650004501111650004901156650005101205942001201256999001501268952011701283OSt20210907160453.0210310s2005 cl fr 000 0 eng d a9211215447 aCO-JMCRcCO-JMCR0 aeng04a339.5 /bG427f2231 aGhymers, Christian, 917463eautor10aFostering economic policy coordination in Latin America : bthe redima approach to escaping the prisoner´s dilemma /cChristian Ghymers aSantiago de Chile : bECLAC, c2005 a162 páginas : bilustraciones y gráficas a blanco y negro ; c23 cm.0 aLibros Cepal ; v82 aIncluye notas a pie de página. aBibliografía: páginas: 161-1620 a"The remains of the Day ", in terms of theory -- "Gone with the Wind" in attempts at international coordination -- History of the emergence of the European monetary pole through economic policy coordination -- General philosofhy of the European coordination model -- General principles derived from coordination experiences -- Applicability to Latin America: yhe REDIMA approach --Three major obstacles to regional macroeconomics -- Some key guidelines for escaping the prisioner´s dilema -- Operational conclusions: applying the cooperative -- The REDIMA I experiment (2000-200314aMacroeconomía917465zAmérica Latina24aEconomía regionalzAmérica Latina94011824aPolítica económicazAmérica Latina96784 2ddccBK c8504d8504 00102ddc40708NFICaCPLbCPLd2018-04-15eDonacióno339.5 / G427fp430006196r2024-05-16 00:00:00tEj.1yBK